Grossová, M.: Exekuce na peněžité plnění v současné právní praxi. Praha: Linde Praha, a.s., 2002, 703 s.
Recenzia na publikáciu Exekuce na peněžité plnění v současné právní praxi. Publikácia je rozdelená do desiatich kapitol. V prvých kapitolách sa autorka venuje zásadam výkonu exekúcií a úprave všeobecných pravidiel a výkonu rozhodnutia. V ďalších kapitolách podrobne popisuje predpoklady na výkon rozh...
Enregistré dans:
| Auteur principal: | |
|---|---|
| Format: | Chapitre de livre |
| Langue: | slovaque |
| Sujets: | |
| Tags: |
Pas de tags, Soyez le premier à ajouter un tag!
|
MARC
| LEADER | 00000naa a2200000 4500 | ||
|---|---|---|---|
| 001 | r048945 | ||
| 005 | 20230918082329.5 | ||
| 041 | 0 | |a slo | |
| 044 | |a SK | ||
| 245 | 1 | 0 | |a Grossová, M.: Exekuce na peněžité plnění v současné právní praxi. Praha: Linde Praha, a.s., 2002, 703 s. |c Alena Pauličková |
| 520 | |a Recenzia na publikáciu Exekuce na peněžité plnění v současné právní praxi. Publikácia je rozdelená do desiatich kapitol. V prvých kapitolách sa autorka venuje zásadam výkonu exekúcií a úprave všeobecných pravidiel a výkonu rozhodnutia. V ďalších kapitolách podrobne popisuje predpoklady na výkon rozhodnutia podľa jednotlivých druhov konania, a to samostatne v správnom konaní, v daňovom konaní a v občianskosprávnom konaní. Účelom publikácie je oboznámiť sa s problematikou výkonu rozhodnutia - exekúciou na peňažné plnenia. | ||
| 610 | 2 | 0 | |a recenzie |
| 610 | 2 | 0 | |a exekúcia |
| 610 | 2 | 0 | |a exekúcia daňová |
| 610 | 2 | 0 | |a exekútori |
| 610 | 2 | 0 | |a výkon rozhodnutia |
| 610 | 2 | 0 | |a poriadok exekučný |
| 610 | 2 | 0 | |a právo exekučné |
| 610 | 2 | 0 | |a právo správne |
| 100 | 1 | |a Pauličková, Alena | |